000 00757nam a22002057a 4500
008 250904b |||||||| |||| 00| 0 eng d
020 _a9781316617793
040 _aCUZ
_beng
_crda
_dCUZ
_erda
050 _aML172.D47DES
100 _aKaren Desmond
245 _aMusic and the moderni, 1300-1350:
_bThe ars nova in theory and practice
_cby Karen Desmond
264 _aNew York
_aPort Melbourne
_aNew Delhi
_aSingapore
_bCambridge University press
_c©2018
300 _aextent xxii,300pages
336 _atext
_btxt
337 _aunmediated
_bn
338 _2rdacarrier
500 _aincludes bibliography and indexN
650 _aMusic 500-1400 history and criticism
_aMusic theory 500-1400
942 _cOS
_i172.D47DES
_kML
999 _c45371
_d45371